Looking Out. Looking In Interpersonal Communication
Salvato in:
| Autore principale: | |
|---|---|
| Altri autori: | |
| Natura: | Libro |
| Lingua: | inglese |
| Pubblicazione: |
Fort Worth
Harcourt Brace College Publ.
1996
|
| Edizione: | 8. ed. |
| Soggetti: | |
| Tags: |
Nessun Tag, puoi essere il primo ad aggiungerne!!
|
MARC
| LEADER | 00000nam a2200000 4500 | ||
|---|---|---|---|
| 001 | c020149 | ||
| 005 | 20221205125413.1 | ||
| 020 | |a 0-15-501728-4 | ||
| 041 | 0 | |a eng | |
| 044 | |a US | ||
| 245 | 1 | 0 | |a Looking Out. Looking In |b Interpersonal Communication |c Ronald B. Adler, Neil Towne |
| 250 | |a 8. ed. | ||
| 264 | 1 | |a Fort Worth |b Harcourt Brace College Publ. |c 1996 | |
| 300 | |a 480 s. | ||
| 610 | 2 | 0 | |a komunikácia |
| 610 | 2 | 0 | |a komunikácia sociálna |
| 610 | 2 | 0 | |a vzťahy medziľudské |
| 610 | 2 | 0 | |a psychológia |
| 610 | 2 | 0 | |a správanie |
| 100 | 1 | |a Adler, Ronald B. | |
| 700 | 1 | |a Towne, Neil | |